000 01232cam a2200265 a 4500
020 _a9780230238497 (alk. paper)
020 _a0230238491 (alk. paper)
040 _cDLC
082 0 0 _a338 ROM 2014 C101 Or.
245 0 4 _aThe dynamics of local learning in global value chains :
_bexperiences from East Asia /
260 _aHoundmills, Basingstoke, Hampshire ;
_aNew York :
_bPalgrave Macmillan,
_c2011.
300 _axvi, 233 p. :
_bill. ;
_c23 cm.
490 0 _aIDE-JETRO series
500 _aA joint research project based at Institute of Developing Economies, Japan External Trade Organization (IDE-JETRO).
520 _a"This book investigates the process and mechanism of the capability development of East Asian local manufacturers, which has underpinned their phenomenal rise in the worlds competitive landscape of industrial production during the last few decades"--Provided by publisher.
650 0 _aManufacturing industries
650 0 _aDiffusion of innovations
650 0 _aBusiness networks
650 0 _aBusiness logistics
650 0 _aInternational business enterprises
700 1 _aKawakami, Momoko.
700 1 _aSturgeon, Timothy J.
710 2 _aAjia Keizai Kenkyūjo (Japan)
942 _cAEDBB
999 _c20824
_d20824